000
00473nam a2200169Ia 4500
008
090711s9999 xx 000 0 und d
082
_b
56532
100
_a
देशमुख सुषमा
245
_a
संगत पंगत
260
_c
1987
300
_a
206
600
_a
देशमुख सुषमा
630
_a
संगत पंगत
700
_a
देशमुख सुषमा
730
_a
संगत पंगत
942
_c
BOOK
999
_c
291459
_d
291459